000 00427nmm a2200145Ia 4500
008 251105s9999||||xx |||||||||||||||||und||
041 _aspa
100 _aPalermo, Sebastián
245 0 _aCómo vivir sin aburrirse
264 _a[Madrid, España] :
_bEdiciones B,
_c2016
300 _a156 páginas
650 _aSelf-help and personal development
856 _uhttps://public.digitaliapublishing.com/a/54603
942 _cCF
999 _c106000
_d106000